[Event "Santa Cruz de Tenerife op 25th"]
[Site "Santa Cruz de Tenerife"]
[Date "2014.12.22"]
[Round "6"]
[White "De Castro de Leon, Jorge"]
[Black "Henriquez Garcia, David"]
[Result "0-1"]
[WhiteElo "1684"]
[BlackElo "1981"]
[PlyCount "101"]
[EventDate "2014.12.15"]
[EventType "swiss"]
[EventRounds "9"]
[EventCountry "ESP"]
[SourceTitle "CBM 164 Extra"]
[Source "ChessBase"]
[SourceDate "2015.03.02"]
[SourceVersion "1"]
[SourceVersionDate "2015.03.02"]
[SourceQuality "1"]

1. e4 e5 2. Nf3 Nc6 3. Bb5 f5 4. Bxc6 dxc6 5. Nxe5 Nf6 6. exf5 Bxf5 7. 0-0 Bd6 8. Re1 0-0 9. d3 Re8 10. Nc4 Bxh2+ 11. Kxh2 Ng4+ 12. Kg3 h5 13. Rxe8+ Qxe8 14. Bg5 Qg6 15. f4 h4+ 16. Kf3 Qh5 17. Nc3 Re8 18. Qh1 b5 19. Qxh4 bxc4 20. Ne4 Qxh4 21. Bxh4 cxd3 22. cxd3 Nh6 23. Rc1 Re6 24. Rc5 g6 25. Re5 Bg4+ 26. Kg3 Rxe5 27. fxe5 Be6 28. Bd8 Bxa2 29. Bxc7 Nf5+ 30. Kf4 Nd4 31. Bd6 Ne6+ 32. Ke3 Bd5 33. Nf6+ Kf7 34. Nxd5 cxd5 35. b4 a6 36. g3 Ke8 37. Kf3 Kd7 38. Ke3 Kc6 39. d4 Kb5 40. Kd3 a5 41. bxa5 Kxa5 42. Kc3 Kb5 43. Bb8 Kc6 44. Bd6 Kd7 45. Bc5 Ng5 46. g4 Ne4+ 47. Kb4 Nf2 48. Bf8 Nxg4 49. Kc5 Ke6 50. Bg7 Nf2 51. Bh6 0-1